[Event "Ubeda"]
[Site "Ubeda"]
[Date "1997.02.18"]
[Round "9"]
[White "Akopian, Vladimir Eduardovic"]
[Black "Lautier, Joel"]
[Result "0-1"]
[WhiteElo "2655"]
[BlackElo "2630"]
[Annotator "Lautier,J"]
[PlyCount "80"]
[EventDate "1997.02.07"]
[EventType "tourn"]
[EventRounds "11"]
[EventCountry "ESP"]
[EventCategory "16"]
[SourceTitle "CBM 058"]
[Source "ChessBase"]
[SourceDate "1997.06.01"]
[SourceVersion "1"]
[SourceVersionDate "1997.06.01"]
[SourceQuality "1"]

1. e4 {Gershon Jussupow} c5 2. Nf3 d6 3. d4 cxd4 4. Nxd4 Nf6 5. Nc3 a6 6. Bg5
e6 7. f4 Qc7 8. Qf3 b5 9. O-O-O (9. f5 {Gershon} Nc6 (9... b4 10. Ncb5 axb5 11.
fxe6 (11. Bxb5+ Bd7 12. fxe6 Bxb5 13. Nxb5 Qc5 14. Bxf6 Qxb5 15. Bxg7 Bxg7 16.
Qxf7+ Kd8 17. Qxg7 Re8 18. Rf1 b3 19. cxb3 Qa5+ 20. Kd1 Qh5+ 21. g4 Qb5 22. Rf3
Rxe6 23. Rf8+ Re8 24. Qf6+ $18 {Hector,J-Rashkovsky,N/Espergarde PC 1992/1/2-1/
2 (51)}) 11... Be7 12. e5 dxe5 13. Bxf6 gxf6 14. Bxb5+ Kf8 15. Nf5 fxe6 (15...
Bxe6 16. Nxe7 Ra5 17. Qxf6 Rxb5 18. Rf1 Qxc2 19. Qxe6 Qe4+ 20. Kd2 Qd4+ $10 {
Murey,Y-Yudasin,L Podolsk 1991}) 16. Nxe7 Kxe7 17. Qxa8 Qb6 18. Qa4 Qd4 19. a3
Bd7 20. Qxb4+ Qxb4+ 21. axb4 Bxb5 $17 {Murey,Y-Spraggett,K Paris-ch 1991}) 10.
Nxc6 Qxc6 11. fxe6 fxe6 12. Bxf6 gxf6 13. Qxf6 Rg8 14. Be2 Be7 15. Qd4 Rb8 16.
Bh5+ Kd7 17. Bf3 Qb6 18. Qd3 $1 Qc5 19. O-O-O Qe5 20. Ne2 $1 Bb7 21. Kb1 $1 a5
22. Nc1 $1 b4 23. Qe3 Bg5 24. Qa7 Rgc8 $6 25. Nd3 $16 {Boensch 1-0 Yudasin,
L-Ehlvest,J/Pamplona 1991 (33)}) 9... b4 10. Nd5 (10. Nce2 {Gershon} Bb7 (10...
Nbd7 11. g4 Bb7 12. Ng3 Be7 13. Kb1 O-O-O 14. Bg2 Nc5 15. Qe2 Kb8 16. Rhe1 Rhe8
17. f5 Nfd7 18. Bxe7 Rxe7 19. g5 Ne5 20. f6 gxf6 21. gxf6 Red7 22. Qh5 Na4 23.
Bf1 Qb6 $15 {Podkrznik,G-Bukic,E/Portoroz op 1995/0-1 (81)}) 11. Ng3 Nbd7 12.
Bd3 Be7 13. Nh5 O-O (13... Nxh5 14. Qxh5 g6 15. Qh4 Bxg5 16. fxg5 Qb6 17. Nf3
a5 18. Qf4 Qc7 19. Rhe1 O-O 20. Qe3 Rfc8 {... 0-1 Zak,U-Har Zvi,R/Tel-Aviv Cup
rapid 1996}) 14. Rhe1 Rfe8 15. Nxf6+ Bxf6 16. Bxf6 Nxf6 17. Qg3 d5 18. e5 Ne4
19. Qe3 Rec8 20. Kb1 Qb8 21. Ne2 a5 22. Bxe4 dxe4 23. Ng3 a4 24. Nh5 Rc7 25.
Rd6 b3 26. cxb3 axb3 27. Qxb3 Qf8 28. a3 Bd5 $44 {0-1 Feher,G-Dao Thien Hai/
HUN-chT1 1995 (39)}) 10... exd5 11. Bxf6 gxf6 12. exd5 Ra7 (12... Qc5 {Gershon}
13. Qe4+ (13. Nb3 Qb6 14. Bd3 Ra7 15. Rhe1+ Re7 16. Rxe7+ Bxe7 17. Nd4 Kd8 18.
Qe3 Qc5 19. Re1 Re8 20. Qe4 f5 21. Nxf5 Bxf5 22. Qxf5 Bh4 23. Rd1 Qe3+ 24. Kb1
Qd2 25. Qh5 Qxd1+ 26. Qxd1 Re1 27. Qxe1 Bxe1 28. Bxh7 Nd7 $17 {Dragovic,
M-Savanovic,A/JUG-chT2 1994/0-1 (48)}) 13... Kd8 14. Nb3 Qb6 15. Re1 Bd7 16.
Bc4 Ra7 17. g4 Rc7 18. h4 f5 19. gxf5 Bh6 20. f6 Re8 21. Qd3 Bxf4+ 22. Kb1 Be5
23. Rhf1 a5 $19 {0-1 Euler,G-Degenhardt,H/Giessen op 1991 (36)}) 13. Bd3 Qc5
14. Bf5 {White's idea is to keep the black-square bishop moveless for very
long time.} (14. Nb3 {Gershon} Qb6 {see: Dragovic-Savanovic/1994/0-1}) 14...
Bxf5 15. Nxf5 Rc7 (15... Nd7 $2 {Gershon} 16. Rhe1+ Kd8 17. Qe2 Kc7 18. Rd4 Nb6
(18... Qa5 19. Qe8 (19. Rc4+ Nc5 20. Qe8 Qb5 $17) 19... Qxa2 20. Ree4 Rb7 21.
Rc4+ Nc5 22. Ne7 $1 $18) 19. Qe8 $16) 16. Rhe1+ Kd8 17. Qe4 Kc8 18. Rd4 a5 (
18... Nd7 {Gershon} 19. Rxb4 Nb6 20. Rd4 $44) 19. b3 Na6 $1 $146 (19... Kb7)
20. Rc4 (20. Qe8+ $2 Kb7 21. Rc4 Qxd5 22. Ne3 Qe6 23. Qb5+ Ka7 24. Rxc7+ (24.
Kd2 Rc5 25. Rxc5 dxc5 26. Nc4 Qd5+ 27. Kc1 Qb7 28. Qxa5 Bh6 29. g3 Rb8 $19)
24... Nxc7 25. Qxa5+ (25. Qc6 Na6 26. Kd2 d5 $19) 25... Na6 26. Kd2 d5 (26...
Qe4 27. Nc4 (27. Nd5 Qd4+ 28. Kc1 Qc5 29. Qxc5+ dxc5 30. Re8 $17) 27... Qxf4+
28. Kd3 $132) 27. Nxd5 Qc6 28. Re8 Bc5 (28... Qxe8 $2 29. Qb6+ Ka8 30. Qxa6+
Kb8 31. Qb6+ $18) 29. Rxh8 Qxd5+ 30. Ke2 Qxg2+ 31. Kd3 Qf3+ 32. Kd2 Be3+ $19) (
20. Red1 {Gershon} Qc3 21. Qe8+ Kb7 22. Qb5+ Ka7 $19) 20... Qb5 21. Qd4 {
/\ Qa7! Jussupow: ?} (21. Qe8+ $5 Qxe8 22. Rxe8+ Kd7 (22... Kb7 23. Nxd6+ (23.
Rd8 $5 {/\ Re4-e8}) 23... Bxd6 24. Rxh8 Rxc4 25. bxc4 Bxf4+ 26. Kd1 Bxh2 27.
Rxh7 Be5 28. Rxf7+ Kb6 $13) 23. Ra8 (23. Rce4 $2 Nc5 $1 (23... Rc8 24. Rxc8
Kxc8 25. Re8+ Kd7 26. Ra8 Nc7 27. Ra7 Kc8 28. Rxa5 Kb7 29. a3 bxa3 30. c4 $13)
24. Re3 Nd3+ 25. Kd1 (25. Kd2 Nxf4 26. Ra8 Nxd5 27. Ree8 Bh6+ $19) 25... Nxf4
26. Ra8 Nxd5 27. Ree8 Nc3+ 28. Ke1 Rc5 $19) 23... Rxc4 24. bxc4 Nc7 25. Rb8 (
25. Rxa5 Be7 26. Ra7 Ra8 $17) 25... Na6 (25... Bg7 26. Rb6 Bf8 27. Rb8 $11) 26.
Ra8 Nc7 27. Rb8 $11) 21... Kb7 (21... Rxc4 $2 {Gershon} 22. bxc4 Qd7 23. Qxf6
Rg8 24. Re7 $1 $16) 22. Qxf6 $2 (22. g3 $1 $13) 22... Rg8 $36 {>< d5, >< g2}
23. Nxd6+ $6 (23. Rxc7+ Nxc7 24. Qxf7 Qxd5 $17 (24... Qxd5 {Gershon} 25. Qxd5+
Nxd5 26. g3 $17)) (23. Qd8 Qxd5 24. Rxc7+ (24. Re8 Qxf5 25. Qa8+ Kb6 26. Rxc7 (
26. Rb8+ Nxb8 27. Qxb8+ Rb7 28. Qd8+ Ka7 $19) 26... Qxf4+ 27. Kb1 (27. Kd1 Qf1+
28. Kd2 Bh6+ $19) 27... Qf1+ 28. Kb2 Bg7+ $19) 24... Nxc7 25. Ne7 Bxe7 26. Qxg8
Bf6 $17) 23... Bxd6 24. Qxd6 Qb6 (24... Rxc4 $5 25. bxc4 Qxc4 26. Re7+ Nc7 27.
g3 $17) 25. Rxc7+ (25. Qe5 Rxg2 26. d6 Rxc4 27. bxc4 Nc5 28. Qd5+ Qc6 29. Qxf7+
Ka6 $19) 25... Nxc7 26. Qd7 (26. Qxb6+ Kxb6 27. d6 Nd5 $1 $19 {/\ Kc6}) 26...
Qf6 $1 27. Kb1 (27. d6 Qa1+ 28. Kd2 Rxg2+ $19 (28... Rxg2+ {Gershon} 29. Kd3
Qc3+ $19)) 27... Rd8 $19 28. Qe7 Qxe7 29. Rxe7 Rxd5 30. Rxf7 {This logical
move is probably loosing imediatly.} ({Some chances would give:} 30. a3 {
Gershon} Kc6 (30... bxa3 31. Ka2 Rd2 32. Rxf7 Rxc2+ 33. Kxa3 Rxg2 34. Rxh7 $15)
31. axb4 axb4 32. Re4 Rd2 33. Rc4+ Kd6 34. Rxb4 Rxg2 35. Rb6+ Ke7 36. Rh6 Rg7
37. c4 $17) (30. c4 $5 {Gershon} bxc3 31. Kc2 Rc5 (31... Rd2+ 32. Kxc3 Rxg2 33.
Rxf7 Rxh2 $19) 32. Rxf7 Kc6 33. Rxh7 Nb5 34. Re7 Nd4+ 35. Kc1) 30... Kc6 {
/\ Nb5-c3, Rd1} 31. Kc1 (31. Rxh7 {Gershon} Nb5 32. Rh6+ Kc5 33. Kb2 Nc3 34.
Rh8 Rd1 35. Rc8+ Kb6 36. Rxc3 bxc3+ 37. Kxc3 Rf1 38. g3 Rf2 39. h4 Kc5 40. Kd3
Rf3+ 41. Ke4 Rxg3 42. f5 Kd6 $19) 31... Nb5 32. c4 {White is forced to create
black a passed pawn on c3, otherwise he gets mated.} (32. Rxh7 {Gershon} Nc3)
32... bxc3 {Now white is hopeless.} 33. Rxh7 Rd2 34. Rh3 Rxa2 35. f5 Kc5 36. f6
Kb4 37. f7 Kxb3 38. Kd1 Rd2+ 39. Ke1 Rd8 40. Rf3 Rf8 (40... Rf8 {Gershon} 41.
g4 Nd6 42. Kd1 Kb2 $19) 0-1

[Event "EU-ch 12th"]
[Site "Aix les Bains"]
[Date "2011.03.23"]
[Round "2"]
[White "Vedmediuc, Serghei"]
[Black "Wojtaszek, Radoslaw"]
[Result "0-1"]
[WhiteElo "2422"]
[BlackElo "2711"]
[Annotator "Marchand,A/Primel,D"]
[PlyCount "80"]
[EventDate "2011.03.22"]
[EventType "swiss"]
[EventRounds "11"]
[EventCountry "FRA"]
[SourceTitle "CBM 142 Extra"]
[Source "ChessBase"]
[SourceDate "2011.06.27"]
[SourceVersion "1"]
[SourceVersionDate "2011.06.27"]
[SourceQuality "1"]
[TimeControl "40/5400+30:1800+30"]

1. e4 c5 2. Nf3 d6 3. d4 cxd4 4. Nxd4 Nf6 5. Nc3 a6 6. Bg5 e6 7. f4 h6 (7...
Nc6 8. Nxc6 bxc6 9. e5 h6 10. Bh4 g5 11. fxg5 Nd5 12. Ne4 Qb6 13. c3 dxe5 14.
g6 fxg6 15. Qc2 Qe3+ $6 (15... Rb8 16. O-O-O $13) 16. Be2 Nf4 17. Nf6+ Kf7 18.
Ng4 $16) 8. Bh4 Qb6 9. Qd3 {En fin de tournoi, le polonais a affronté la ligne
principale Qd2 mais les Noirs n'ont également pas eu de problème dans cette
ligne} (9. Qd2 Qxb2 10. Rb1 Qa3 11. e5 dxe5 12. fxe5 g5 13. exf6 gxh4 14. Be2
Qa5 15. O-O Nd7 16. Kh1 Qg5 17. Rf4 e5 18. Nd5 exd4 19. Qxd4 Kd8 20. Rd1 h3 21.
g3 Bd6 22. Re4 Re8 23. Nb6 Rxe4 24. Qxe4 Qc5 25. Nxa8 Nxf6 26. Qd3 Ke7 27. Bf3
{Nisipeanu,L (2673)-Wojtaszek,R (2711)/Aix les Bains 2011/ Mega2011 Update 15/
0-1 (39)}) (9. a3 $5 {La ligne classique est moins populaire actuellement} Be7
10. Bf2 Qc7 11. Qf3 Nc6 12. O-O-O Bd7 13. Be2 Rc8 14. g4 Nxd4 15. Rxd4 Bc6 {
Naiditsch,A (2712)-Vachier Lagrave,M (2710) ESP-chT CECLUB Honor 2011 (2) 0-1}
(15... d5 $5 {Edouard})) 9... Qxb2 10. Rb1 (10. Nb3 $5 {Bijaoui,M (2392)
-Guliyev,N (2554) Syre Memorial op 34th 2011 (5) 1/2}) 10... Qa3 11. f5 $5 $146
{Cette idée nouvelle a été été reprise dans des nombreuses parties en 2011 et
2012.} (11. e5 Nd5 (11... dxe5 12. fxe5 Nd5 $132 {Parma,B-Sofrevski,J YUG-ch
Ljubljana 1960 (9) 1/2} (12... g5 $5 {Benjamin YB 99})) 12. Nxd5 Qxd3 $11 {
Keres,P-Olafsson,F Zuerich 1959 1/2}) 11... Be7 $1 {[%csl Rh4][%cal Gf6e4,
Ge7h4]} 12. Be2 $2 (12. fxe6 $142 fxe6 13. Be2 {Le bon ordre de coups} O-O (
13... Nxe4 14. O-O Nxc3 15. Qg6+ Kd8 16. Bxe7+ Kc7 17. Qxg7 $40 {[%cal Gg7c7,
Gg7h8]})) 12... Nxe4 $1 {Le thème tactique de cette variante "améliorée" du P
empoisonné} 13. O-O (13. Nxe4 {Un moindre mal mais la partie est également
sans espoirs pour les Blancs} Bxh4+ 14. g3 Qxd3 15. cxd3 Be7 16. fxe6 fxe6 17.
Bg4 d5 18. Nd2 Nc6) 13... Qxc3 (13... Nxc3 $19) 14. Qxe4 Nc6 15. Rbd1 (15. Nxc6
) 15... d5 $1 $40 {[%csl Re4,Rh4]} 16. Qg4 Bxh4 17. Qxh4 Qe3+ 18. Rf2 Nxd4 19.
Rxd4 exf5 20. Rd3 Qe4 21. Qh3 Be6 22. Re3 Qd4 23. c3 Qb6 24. Bd3 g6 25. Ree2
Qc5 26. Qg3 Rc8 27. Re3 Ke7 28. h4 (28. Bf1 {[%cal Ge3c3] N'aurait fait que
retarder l'échéance car le développement de la Rh8, les Blancs peuvent
abandonner}) 28... Qd6 29. Re5 Rxc3 $19 30. Rc2 Qc5+ 31. Kh2 Qd4 32. Re3 f4 33.
Rxe6+ fxe6 34. Qe1 Rc6 35. Bxg6 f3 36. Rd2 Qf6 37. h5 Rhc8 38. Rxd5 Qf4+ 39. g3
f2 40. Qd1 f1=Q 0-1

[Event "World Women-ch k.o."]
[Site "Antakya"]
[Date "2010.12.05"]
[Round "1.2"]
[White "Vasilevich, Irina"]
[Black "Sebag, Marie"]
[Result "0-1"]
[WhiteElo "2333"]
[BlackElo "2494"]
[Annotator "Marin,M"]
[PlyCount "60"]
[EventDate "2010.12.04"]
[EventType "k.o."]
[EventRounds "6"]
[EventCountry "TUR"]
[SourceTitle "CBM 140"]
[Source "ChessBase"]
[SourceDate "2011.01.18"]
[SourceVersion "1"]
[SourceVersionDate "2011.01.18"]
[SourceQuality "1"]

1. e4 c5 2. Nf3 d6 3. d4 cxd4 4. Nxd4 Nf6 5. Nc3 a6 6. Bg5 e6 7. f4 Nbd7 8. Bc4
Qb6 9. Bb3 Be7 10. Qd2 (10. f5 {is a more popular alternative.}) 10... Nc5 11.
e5 $146 {This looks logical, but maybe White's position already was a bit
suspicious.} ({In previous games, White gave up one of his bishops in order to
save the e4-pawn with either} 11. Bxf6) ({or} 11. Ba4+) 11... Nfe4 12. Nxe4
Nxe4 13. Ba4+ Bd7 14. Bxd7+ Kxd7 {White's attack has almost been extinguished
and she has been left with weak squares and hanging pieces.} 15. Qe3 Nxg5 16.
exd6 Bf6 17. O-O-O h6 18. Rhe1 Nh7 19. Rh1 Ng5 20. Rhe1 Nh7 21. Qa3 Bxd4 22.
Qa4+ Qc6 23. Qxd4 Rac8 24. Rd2 Nf6 25. Re3 Qc5 26. Qa4+ Qb5 27. Qa3 Qc5 28. b4
Qc4 29. Rb3 Ne4 30. Qa4+ Rc6 0-1

[Event "Corus"]
[Site "Wijk aan Zee"]
[Date "2010.01.19"]
[Round "4"]
[White "Ivanchuk, Vassily"]
[Black "Van Wely, Loek"]
[Result "1-0"]
[WhiteElo "2749"]
[BlackElo "2641"]
[Annotator "Marin,M"]
[PlyCount "51"]
[EventDate "2010.01.16"]
[EventType "tourn"]
[EventRounds "13"]
[EventCountry "NED"]
[EventCategory "19"]
[SourceTitle "CBM 135"]
[Source "ChessBase"]
[SourceDate "2010.03.17"]
[SourceVersion "1"]
[SourceVersionDate "2010.03.17"]
[SourceQuality "1"]

1. e4 c5 2. Nf3 d6 3. d4 cxd4 4. Nxd4 Nf6 5. Nc3 a6 6. Bg5 e6 7. f4 Nbd7 8. Qe2
Qc7 9. O-O-O b5 10. a3 Be7 (10... Bb7 {is considered to be the main move.}) (
10... Rb8 {has similar deffects as in the aforementioned game Nakamura-Van
Wely:} 11. Nd5 $1 exd5 12. exd5+ Be7 13. Nc6 Nb6 14. Bxf6 gxf6 15. g3 $40 {
Bronstein,D (2585)-Gheorghiu,F (2530)/Petropolis 1973/IZT (1-0, 36)}) 11. g4
Rb8 ({Again,} 11... Bb7 {is by far more popular.}) 12. Bg2 b4 13. axb4 Rxb4 (
13... h6 $5 {may be a last chance to avoid the disaster. If the bishop
retreats, the f4-pawn and the h4-bishop would be hanging along the fourth rank
after ...Rxb4.}) 14. e5 dxe5 15. Nc6 $16 {It is hard to understand what did
Black have in mind when entering this variation. An earlier game had proven
that Black is in trouble and his novelty looks more like over the board
desperation.} Bb7 $146 (15... Rb6 16. Nxe7 Bb7 17. Bxb7 Rxb7 18. fxe5 Nxe5 19.
Rde1 Ned7 20. Qxa6 {1-0 Spraggett,K (2631)-Czakon,J (2482)/San Sebastian 2007})
16. Nxb4 Bxb4 17. fxe5 Bxc3 18. exf6 gxf6 19. bxc3 fxg5 20. Bxb7 Qxb7 21. h4
Qc7 22. hxg5 Qxc3 23. Qxa6 Nc5 24. Qa8+ Ke7 25. Qa7+ Kf8 26. Rhf1 1-0

[Event "Corus"]
[Site "Wijk aan Zee"]
[Date "2010.01.30"]
[Round "12"]
[White "Smeets, Jan"]
[Black "Van Wely, Loek"]
[Result "1-0"]
[WhiteElo "2657"]
[BlackElo "2641"]
[Annotator "Marin,M"]
[PlyCount "45"]
[EventDate "2010.01.16"]
[EventType "tourn"]
[EventRounds "13"]
[EventCountry "NED"]
[EventCategory "19"]
[SourceTitle "CBM 135"]
[Source "ChessBase"]
[SourceDate "2010.03.17"]
[SourceVersion "1"]
[SourceVersionDate "2010.03.17"]
[SourceQuality "1"]

1. e4 c5 2. Nf3 d6 3. d4 cxd4 4. Nxd4 Nf6 5. Nc3 a6 6. Bg5 e6 7. f4 Nbd7 8. Qe2
Qc7 9. O-O-O b5 10. g3 {[%cal Gf1g2,Ge4e5] White strives for harmonious
development.} Be7 $6 {After this move, Black gets into trouble almost by force.
} (10... b4 {seems to be the critical line, forcing the sharp} 11. Nd5 {
Shirov,A (2715)-Gelfand,B (2710)/Dos Hermanas 1995/CBM 047/[Gelfand] (0-1, 69).
Of course, not everybody is ready to stand such an attack.}) (10... Bb7 $6 {
is just a half measure:} 11. Bg2 Qc4 (11... Rc8 12. e5 $16) 12. Qxc4 bxc4 13.
f5 $14 {Bronstein,L-Fernandez,I/Buenos Aires 1969/MCD (1-0, 44). Black starts
having structural problems.}) 11. Bg2 Bb7 12. e5 dxe5 13. fxe5 $1 $146 (13.
Bxb7 {Zambrana,O (2425)-Grover,S (1987)/Sort 2006/CBM 113 ext (1/2, 62)}) 13...
Nd5 14. Bxe7 Nxc3 15. bxc3 Bxg2 (15... Kxe7 {is no better:} 16. Bxb7 Qxb7 17.
Rhf1 {The black king is surrounded by dangers.}) 16. Qxg2 Kxe7 17. Nc6+ Kf8 18.
Rhf1 $40 Nb6 19. Qf3 Re8 20. Nd8 Re7 21. Rd6 Ke8 22. Rxb6 Qxd8 23. Rxa6 1-0

[Event "Corus"]
[Site "Wijk aan Zee"]
[Date "2010.01.23"]
[Round "7"]
[White "Smeets, Jan"]
[Black "Dominguez Perez, Leinier"]
[Result "1/2-1/2"]
[WhiteElo "2657"]
[BlackElo "2712"]
[Annotator "Marin,M"]
[PlyCount "59"]
[EventDate "2010.01.16"]
[EventType "tourn"]
[EventRounds "13"]
[EventCountry "NED"]
[EventCategory "19"]
[SourceTitle "CBM 135"]
[Source "ChessBase"]
[SourceDate "2010.03.17"]
[SourceVersion "1"]
[SourceVersionDate "2010.03.17"]
[SourceQuality "1"]

1. e4 c5 2. Nf3 d6 3. d4 cxd4 4. Nxd4 Nf6 5. Nc3 a6 6. Bg5 e6 7. f4 Nc6 8. Nxc6
({The main alternative is} 8. e5 h6 9. Bh4 g5 10. fxg5 Nd5 11. Nxd5 exd5 {
Abstractly speaking, I would prefer this line, because 8.Nxc6 looks like a
premature release of the tension.}) 8... bxc6 9. e5 h6 10. Bh4 g5 11. fxg5 Nd5
12. Ne4 Qb6 13. Bd3 hxg5 14. Bxg5 Qxb2 15. c4 Be7 (15... Qxg2 {is the more
popular continuation, but after} 16. Rf1 {Black is under strong attack.}) 16.
Bxe7 Ne3 17. Qc1 Nxg2+ 18. Kd1 Ne3+ 19. Ke1 Ng2+ 20. Kd1 Ne3+ 21. Qxe3 Qxa1+
22. Kd2 Qxh1 23. Bxd6 Rxh2+ 24. Be2 Qb1 25. Nf6+ Kd8 26. Qd4 c5 27. Bxc5+ Kc7
28. Qd6+ Kb7 29. Qe7+ Kc6 30. Qd6+ 1/2-1/2

[Event "Corus"]
[Site "Wijk aan Zee"]
[Date "2010.01.18"]
[Round "3"]
[White "Smeets, Jan"]
[Black "Ivanchuk, Vassily"]
[Result "0-1"]
[WhiteElo "2657"]
[BlackElo "2749"]
[Annotator "Marin,M"]
[PlyCount "72"]
[EventDate "2010.01.16"]
[EventType "tourn"]
[EventRounds "13"]
[EventCountry "NED"]
[EventCategory "19"]
[SourceTitle "CBM 135"]
[Source "ChessBase"]
[SourceDate "2010.03.17"]
[SourceVersion "1"]
[SourceVersionDate "2010.03.17"]
[SourceQuality "1"]

1. e4 c5 2. Nf3 d6 3. d4 cxd4 4. Nxd4 Nf6 5. Nc3 a6 6. Bg5 e6 7. f4 Qc7 8. Qf3
b5 9. Bxf6 gxf6 10. a3 Bb7 11. Be2 h5 12. O-O-O Nd7 13. f5 {Strategically, the
correct decision.} ({In an older game at grandmaster level, White went for the
h5-pawn. His greedyness not only cost him time, but also left him one pawn
down when the forced operation was over.} 13. Qh3 O-O-O 14. Bxh5 Kb8 15. Qg4 f5
16. Qe2 Nf6 17. Bf3 fxe4 18. Nxe4 Nxe4 19. Bxe4 d5 20. Bf3 Qxf4+ 21. Kb1 Rxh2
$17 {Unzicker,W (2530)-Balashov,Y (2600)/Munich 1979/MCD (1/2, 32)}) 13... e5
14. Nb3 Rc8 15. Kb1 Nb6 $1 $146 {Obviously, the right square for the knight,
keeping d5 under control.} (15... h4 16. Rd3 Nc5 $6 17. Nd5 Bxd5 18. Rxd5 Nxb3
19. Qxb3 $14 {Felton,J-O'Bee,C/BCCP-ch6 corr 1995/Corr Nr. 1 (1/2, 52)}) 16.
Rd3 Bh6 $5 {For the sake of maximal activation of forces, Ivanchuk leaves the
h5-pawn undefended.} 17. Qxh5 Ke7 18. Qf3 Nc4 19. Rhd1 Bg5 20. h3 Rh4 {For the
sacrificed pawn, Black has obtained some stability on dark squares and
attacking chances. It is hard to prove that his compensation is entirely
adequate, but in a practical game it may work out well.} 21. Qf2 Qb8 22. Bg4 a5
23. Qe2 Rhh8 24. Qe1 Rhd8 25. Nd5+ Bxd5 26. Rxd5 Qc7 27. Qe2 a4 28. Na1 b4 29.
axb4 a3 30. Nb3 Nxb2 31. Ra5 Ra8 32. Ka2 Nxd1 33. Qxd1 Qc3 34. Qa1 Qxc2+ 35.
Kxa3 Rxa5+ 36. bxa5 Rb8 0-1

[Event "EU-ch 11th"]
[Site "Rijeka"]
[Date "2010.03.11"]
[Round "6"]
[White "Balogh, Csaba"]
[Black "Erdogdu, Mert"]
[Result "1-0"]
[WhiteElo "2622"]
[BlackElo "2502"]
[Annotator "Marin,M"]
[PlyCount "57"]
[EventDate "2010.03.06"]
[EventType "swiss"]
[EventRounds "11"]
[EventCountry "CRO"]
[SourceTitle "CBM 136"]
[Source "ChessBase"]
[SourceDate "2010.05.18"]
[SourceVersion "1"]
[SourceVersionDate "2010.05.18"]
[SourceQuality "1"]

1. e4 c5 2. Nf3 d6 3. d4 cxd4 4. Nxd4 Nf6 5. Nc3 a6 6. Bg5 e6 7. f4 Qc7 8. Qe2
Nc6 9. O-O-O Nxd4 10. Rxd4 Be7 11. g4 h6 12. Bh4 g5 {Being incompletely
developed, Black cannot really hope to get a stable blockade on dark squares
with this brutal method.} 13. fxg5 (13. e5 {led to similar play:} dxe5 14. Rc4
Qb8 15. fxg5 hxg5 16. Bg3 Nd7 17. Bg2 b5 18. Rc6 {Naiditsch,A (2693)-Swiercz,D
(2472)/Budva 2009/CBM 130 (1-0, 36)}) 13... Nd7 14. e5 $1 {A thematic break,
preventing the blockade and opening the long diagonal for the bishop.} dxe5 15.
Rc4 Qd8 16. Bg2 hxg5 17. Bg3 f6 18. Rd1 Rb8 19. Ne4 $44 b5 20. Rc3 Kf7 21.
Nxg5+ fxg5 22. Bxe5 Bf6 23. Rf3 Qe7 24. Bxb8 Nxb8 25. Rxf6+ Kxf6 26. Rf1+ Kg6
27. Qe5 Rf8 28. Be4+ Kh6 29. Rf3 1-0